LEADER 01522nam a2200217 i 4500 001 000000243437 003 CaOOAMICUS 005 20150703000000.0 008 150703s1635 it u000 u ita u 013 $a222342 026 $aiae- t?i- e.la ruam (3) 1635 (A) - Data dall'antip. e sil colophon 040 $aSeMil$bita 245 10$aLibro 6. In cui le fatte in biasimo di Satanasso, e de' suoi membri si contengono. ... Parte 2. 300 $a[8], 921 [i.e. 953], [75] p., [1] carta di tav. :$bfront. 500 $aSegn. : pg4 A-3N8 3O4 3P-3S8 3T6. - Errori nella num. delle p. 500 $aMarca editoriale: Un mulino.  Dulcis aura veni (Repertorio consultato: Marques d'impressors, Univ. di Barcellona), sul front. e sul colophon. 773 0 $aAresi, Paolo <1574-1644>$tDelle sacre imprese di monsig.r Paolo Aresi vescovo di Tortona. Libro 4. [-6.]. In cui le fatte in lode di Chro signor n. e di altri santi, e beati si contengono, da singolari discorsi, non meno fruttuosi, che dilettevoli, ... Con le solite tavole, delle imprese, delle cose pił notabili, de' luoghi della scritt. sac.a, e delle applicationi ągli evangeli di tutto l'anno.$dIn Tortona : Per Pietro Giovanni Calenzani et Eliseo Viola, 1630-1635.$g6$w()32158 850 $aSeMil 852 $aSeMil$W1$xVenegono$y1$m3F IV 138 FA$j193783$B193783$CSeMilBibl$Z2$F204487 $8I 961 $aRecupero: Donazione 996 $6245$aLibro 6. In cui le fatte in biasimo di Satanasso, e de' suoi membri si contengono. ... Parte 2$9(OLS)http://semarc/title/345299 LEADER 00873nam a2200205 i 4500 001 000000100372 003 CaOOAMICUS 005 20171005000000.0 008 171005s2017 it u000 u ita u 013 $a72524 040 $aSeMil$bita 110 2 $aDiocesi di Cremona.$0(OLS)http://semarc/name/90584 245 13$aUn mondo di Vangelo :$bil cammino diocesano per l'anno pastorale 2017-2018 /$cDiocesi di Cremona. 260 $aCremona :$bNuova Editrice Cremonese,$c2017. 300 $a91 p. :$bill. ;$c21 cm. 850 $aSeMil 852 $aSeMil$W1$xVenegono$y1$m5D IX 21/22$j57503$B57503$CSeMilBibl$Z2$F67883 $81 961 $aOmaggio: Delpini mons. Mario 996 $6245$aUn mondo di Vangelo :$bil cammino diocesano per l'anno pastorale 2017-2018$9(OLS)http://semarc/title/406661 996 $6260$aCremona :$bNuova Editrice Cremonese$9(OLS)http://semarc/publisher/39740